MARC details
| 000 -CABECERA |
| campo de control de longitud fija |
03462nam a2200325 4500 |
| 003 - IDENTIFICADOR DEL NÚMERO DE CONTROL |
| campo de control |
EC-UNACH |
| 005 - FECHA Y HORA DE LA ÚLTIMA TRANSACCIÓN |
| campo de control |
20251014120229.0 |
| 006 - CÓDIGOS DE INFORMACIÓN DE LONGITUD FIJA--CARACTERÍSTICAS DEL MATERIAL ADICIONAL |
| campo de control de longitud fija |
s||||gr|||| 00| 00 |
| 008 - DATOS DE LONGITUD FIJA--INFORMACIÓN GENERAL |
| campo de control de longitud fija |
150116t9999 mx r gr 000 0 spa d |
| 020 ## - NÚMERO INTERNACIONAL ESTÁNDAR DEL LIBRO |
| Número Internacional Estándar del Libro |
978-958-648-866-2 |
| 040 ## - FUENTE DE LA CATALOGACIÓN |
| Centro catalogador/agencia de origen |
EC-UNACH |
| Centro/agencia transcriptor |
EC-UNACH |
| 041 ## - CÓDIGO DE LENGUA |
| Código de lengua del texto/banda sonora o título independiente |
spa |
| 082 04 - NÚMERO DE LA CLASIFICACIÓN DECIMAL DEWEY |
| Número de edición |
23 |
| Número de clasificación |
363.11 |
| Número de documento/Ítem |
L011274 |
| 110 ## - ENTRADA PRINCIPAL--NOMBRE DE ENTIDAD CORPORATIVA |
| Nombre de entidad corporativa o nombre de jurisdicción como elemento de entrada |
Litoperla impresores ltda |
| 245 ## - MENCIÓN DE TÍTULO |
| Título |
Seguridad y salud en el trabajo conceptos basicos |
| 250 ## - MENCIÓN DE EDICIÓN |
| Mención de edición |
Tercera edición |
| 264 ## - Producción, publicación, distribución, fabricación y copyright |
| Lugar de producción, publicación, distribución, fabricación |
Colombia |
| Nombre del de productor, editor, distribuidor, fabricante |
Litoperla impresores ltda |
| Fecha de de producción, publicación, distribución, fabricación o copyright |
2013 |
| 300 ## - DESCRIPCIÓN FÍSICA |
| Extensión |
132 |
| 505 ## - NOTA DE CONTENIDO CON FORMATO |
| Nota de contenido con formato |
<br/><br/>Introducción<br/>Capítulo 1. Historia mundial de la seguridad y salud en el trabajo<br/>Las primeras máquinas<br/>Consecuencias económicas y sociales de la revolución industrial<br/>Teorís del riesgo profesional<br/>Teoría del riesgo social<br/>Seguridad social<br/>Seguros sociales<br/>Capítulo 2. Historia de la seguridad y salud en el trabajo en Colombia<br/>Seguros sociales en Colombia<br/>Principales organismos dedicados a la seguridad y salud en el trabajo<br/>Capítulo 3. Salud-trabajo<br/>Salud<br/>Concepciones médicas de la salud<br/>Concepciones sociales de la salud<br/>Concepción ideal de la salud<br/>Como centro del proceso productivo<br/>Historia natural de la enfermedad<br/>Trabajo<br/>Capítulo 4. Definiciones básicas de seguridad y salud en el trabajo<br/>Objetivos de la seguridad y salud en el trabajo<br/>Higiene industrial<br/>Técnicas de actuación<br/>Seguridad industrial<br/>Ecología<br/>Otras disciplinas de apoyo<br/>Ramas que componen la higiene industrial<br/>Formas de actuación de cada una de las ramas de la higiene industrial<br/>Higiene de campo<br/>El ambiente de trabajo<br/>Clasificación general de factores de riesgo<br/>Medidas correctivas<br/>Vías de ingreso de los contaminantes al organismo<br/>Límites máximos permisibles, T. L. VS (“Threshold Limit Values”)<br/>Capítulo 5. Enfermedad laboral<br/>Factores que intervienen en el desarrollo de una enfermedad laboral<br/>Diagnóstico de las enfermedades laborales<br/>Evidencia de la enfermedad<br/>Certeza de la exposición al riesgo<br/>Clasificación de enfermedades laborales<br/>Enfermedad asociada al trabajo<br/>Accidente de trabajo<br/>Definición de accidente de trabajo<br/>Factores que inciden en la ocurrencia de los accidentes de trabajo<br/>Secuencia del accidente<br/>Costos de los accidentes<br/>Iceberg de los costos producidos por los accidentes<br/>Filosofía de la prevención de accidentes<br/>Psicología en la prevención de accidentes<br/>Notificación de accidentes e incidentes<br/>Investigación de accidentes de trabajo<br/>Procedimiento de investigación de accidentes e incidentes<br/>Registro de accidentes<br/>Utilidad de los registros<br/>Estadísticas de accidentes<br/>Responsabilidad y promoción de la seguridad<br/>Etapas de un programa de seguridad y actividades en cada una de ellas<br/>Elementos para un programa de prevención de accidentes<br/>Factores personales<br/>Factores del trabajo<br/>Actuaciones posibles en el camino hacia el accidente/incidente<br/>Etapa preventiva<br/>Etapa de protección<br/>Etapa reparadora<br/>El sistema de gestión en la empresa<br/>Modelo Dupont<br/>Norma UNE 81900<br/>Modelo OHSAS 18001<br/>Ciclo PHVA<br/>Bibliografía<br/>Consultas electrónicas |
| 650 ## - PUNTO DE ACCESO ADICIONAL DE MATERIA--TÉRMINO DE MATERIA |
| Término de materia o nombre geográfico como elemento inicial |
HISTORIA MUNDIAL DE LA SEGURIDAD Y SALUD |
| 650 ## - PUNTO DE ACCESO ADICIONAL DE MATERIA--TÉRMINO DE MATERIA |
| Término de materia o nombre geográfico como elemento inicial |
DEFINICIONES BASICAS DE SEGURIDAD |
| 650 ## - PUNTO DE ACCESO ADICIONAL DE MATERIA--TÉRMINO DE MATERIA |
| Término de materia o nombre geográfico como elemento inicial |
ENFERMEDAD LABORAL |
| 700 ## - PUNTO DE ACCESO ADICIONAL--NOMBRE DE PERSONA |
| Nombre de persona |
Fernando Henao Robledo |
| 942 ## - ELEMENTOS DE PUNTO DE ACCESO ADICIONAL (KOHA) |
| Fuente del sistema de clasificación o colocación |
Clasificación Decimal Dewey |
| Tipo de ítem Koha |
Libros |
| 999 ## - NÚMEROS DE CONTROL DE SISTEMA (KOHA) |
| Koha biblionumber |
13996 |